[Event "Mecklenburg VP-ch"]
[Site "Greifswald"]
[Date "2011.10.28"]
[Round "1.11"]
[White "Pitz, Marko"]
[Black "Wiese, Frank"]
[Result "0-1"]
[WhiteElo "1697"]
[BlackElo "1965"]
[PlyCount "62"]
[EventDate "2011.10.28"]
[EventType "swiss"]
[EventRounds "7"]
[EventCountry "GER"]
[SourceTitle "EXT 2022"]
[Source "ChessBase"]
[SourceDate "2021.10.06"]
[SourceVersion "1"]
[SourceVersionDate "2021.10.06"]
[SourceQuality "1"]

1. d4 Nf6 2. f3 d5 3. e4 dxe4 4. Nc3 exf3 5. Nxf3 Bg4 6. Bc4 e6 7. 0-0 Be7 8. Bf4 c6 9. a3 Nbd7 10. Qd2 Nb6 11. Ba2 Nbd5 12. Be5 h6 13. Ne2 Bd6 14. c4 Ne7 15. Bxf6 gxf6 16. Nc3 f5 17. Rae1 Bxf3 18. Rxf3 Qd7 19. Rh3 0-0-0 20. b4 Ng6 21. c5 Bf4 22. Qc2 Qxd4+ 23. Kh1 Qd2 24. Qb1 Be5 25. Rd1 Qg5 26. Ne2 Rxd1+ 27. Qxd1 Rd8 28. Rd3 Rxd3 29. Qxd3 Nf4 30. Nxf4 Qxf4 31. Kg1 Bd4+ 0-1